书目信息 |
| 题名: |
散文新思维
|
|
| 作者: | 刘锡庆 著 | |
| 分册: | ||
| 出版信息: | 石家庄 河北教育出版社 1998.07 |
|
| 页数: | 305页 | |
| 开本: | 20cm | |
| 丛书名: | 学者评论家近作文丛 | |
| 单 册: | ||
| 中图分类: | I207.65 | |
| 科图分类: | ||
| 主题词: | 散文--san wen--文学评论--中国--现代--文集 | |
| 电子资源: | ||
| ISBN: | 7-5434-3254-4 | |
| 000 | 00852nam 2200253 450 | |
| 001 | 012008001952 | |
| 005 | 20080423162424.29 | |
| 010 | @a7-5434-3254-4@dCNY14.80 | |
| 100 | @a20080423d1998 km y0chiy0120 ea | |
| 101 | 0 | @achi |
| 102 | @aCN@b130000 | |
| 105 | @ay z 000cy | |
| 106 | @ar | |
| 200 | 1 | @a散文新思维@Asan wen xin si wei@f刘锡庆著@Fliu xi qing zhu |
| 210 | @a石家庄@c河北教育出版社@d1998.07 | |
| 215 | @a305页@d20cm | |
| 225 | 2 | @a学者评论家近作文丛@Axue zhe ping lun jia jin zuo wen cong |
| 330 | @a对文学作品的评论,可以说跟文学作品的创作一样久远。因为作品是供人欣赏的,总得有读者或观众与听众。 | |
| 410 | 0 | @12001 @a学者评论家近作文丛 |
| 606 | 0 | @a散文@Asan wen@x文学评论@y中国@z现代@j文集 |
| 690 | @aI207.65@v4 | |
| 701 | 0 | @a刘锡庆@Aliu xi qing@4著 |
| 801 | 0 | @aCN@bQSSK@c20080423 |
| 905 | @b20702543-45@dI207.65@eL695@f3 | |
| 散文新思维/刘锡庆著.-石家庄:河北教育出版社,1998.07 |
| 305页;20cm.-(学者评论家近作文丛) |
| ISBN 7-5434-3254-4:CNY14.80 |
| 对文学作品的评论,可以说跟文学作品的创作一样久远。因为作品是供人欣赏的,总得有读者或观众与听众。 |
| ● |
| 相关链接 |
|
|
|
正题名:散文新思维
索取号:I207.65/L695
 
预约/预借
| 序号 | 登录号 | 条形码 | 馆藏地/架位号 | 状态 | 备注 |
| 1 | 702543 | 207025431 | 文学库108/108文学库 11排1列2层/ [索取号:I207.65/L695] | 在馆 | |
| 2 | 702544 | 207025440 | 文学库108/108文学库 11排1列2层/ [索取号:I207.65/L695] | 在馆 | |
| 3 | 702545 | 207025459 | 文学库108/108文学库 11排1列2层/ [索取号:I207.65/L695] | 在馆 |